000 00542nam a2200145 a 4500
008 121116s1967 ||||||||||||||||| || u
050 _aRK 510 Kur
100 _aKurland, Philip
245 1 0 _aIntravenous techniques in Dentistry
_cby Philip, Kurland
260 _aLondon:
_bHenry Kimpton
_c1967
300 _a119p.: ill.
650 _aANESTHESIA, DENTAL
650 _aANASTHESIA IN DENTISTRY
995 _aSPECIAL COLLECTIONS
_e500316
_FCBU-DAG HAMMARSKJOLD INSTITUTE LIBRARY
_jDAG RK 510 Kur
_M1
_UAVAILABLE
_WDec 17, 2012
_y500316
_ZDHIPS Book Collection
999 _c326
_d326